Comentario prc̀tico a la nueva normativa de Gobierno Corporativo. Ley 31/2014, de reforma de la Ley de Sociedades de Capital

Bibliographic Details
Main Author: Recalde Castells, Andrš
Other Authors: Arias Varona, Fco. Javier
Format: Book
Language:Spanish
Published: Espaą Dykinson 2016
Subjects:
Online Access:Acceso restringido

MARC

LEADER 00000nam a22000007a 4500
005 20160519151246.0
007 cr|||| ||
008 160519s2016 spa||||| |||| 00||0 spa d
020 |a 978-84-9085-461-7 
035 |a 14238 
040 0 |a vLex  
090 |c 6087  |d 6087 
100 1 |a Recalde Castells, Andrš  
245 1 0 |a Comentario prc̀tico a la nueva normativa de Gobierno Corporativo. Ley 31/2014, de reforma de la Ley de Sociedades de Capital  |h [Recurso electrn̤ico] /  |c Andrš Recalde Castells  
256 |a Servicio en ln̕ea  
260 |a Espaą  |b Dykinson  |c 2016 
300 |a 1 recurso electrn̤ico  
506 1 |a Contenido solo disponible en los productos indicados  |d vLex Global  |d vLex Global (Academic Edition, excluding Law Schools)  |d vLex Global (U.S. Academic Edition, Law Schools)  |d vLex Global (U.S. Academic Edition, excluding Law Schools)  |d vLex Global (Academic Edition, Law Schools) 
650 0 4 |a Derecho  |z Espaą 
700 1 |a Arias Varona, Fco. Javier 
740 0 |a vLex libros (servicio en ln̕ea) 
856 4 0 |u http://vlex.com/source/comentario-practico-nueva-normativa-gobierno-corporativo-14238  |z Acceso restringido  
942 |c BOOK